000 00403nam a22001577a 4500
003 BD-DhUL
005 20170514101911.0
008 170514b xxu||||| |||| 00| 0 eng d
040 _cBD-DhUL
_dBD-DhUL
082 _a355.068
_bROS
245 _aA study of military management /
260 _aDhaka :
_bAdarn ,
_c2003.
300 _a152p. :
_billl.,
_c23cm.
650 _2Study
_aStudy
942 _2ddc
_cBK
999 _c195505
_d195505